Ďalšia, prosím..

Bibliographic Details
Main Authors: Brezina, Jano (Author), Hajková, Ľuba, 1946- (Author)
Format: Article
Language:Slovak
Subjects:

MARC

LEADER 00000nab a2200000 a 4500
001 vtls000337730
003 SK-MaSNL
005 20260304015456.0
008 160215c1988 xo 0 slo
015 |a SNBRB19rr/mm-uuuuu 
035 |a CL0337852 
040 |a SNKBUCL  |b slo  |c SNKBUCL  |e AACR2 
041 0 |a slo 
044 |a xo  |c SK 
080 |a 82.09:885.4-3(048)  |2 1981 
080 |a 885.4-3(048)  |2 1981 
100 1 |a Brezina, Jano  |4 aut  |9 953424 
245 1 0 |a Ďalšia, prosím..  |c Jano Brezina 
500 |a V rubrike Recenzie. 
650 0 7 |a poviedky psychologické  |2 snkbucl  |9 893883 
655 7 |a články z novín a časopisov  |2 snkbucl  |9 267496 
655 7 |a články z odboru literárna veda a krásna literatúra  |2 snkbucl  |9 770045 
700 1 |a Hajková, Ľuba,  |d 1946-  |4 aut  |9 238759 
773 0 |t Slovenské pohľady  |g Roč. 104, č. 10 (1988), s. 140-142 
787 0 8 |i Rec.:  |a Hajková, Ľuba  |t S láskou na začiatku slova. poviedky o láske, peniazoch a nedorozumeniach  |d Martin : Osveta, 1988 
850 |a Slovenská národná knižnica v Martine  |a MTA001 
852 |a SNK  |b KIS3GCP 
958 |a BX 
958 |a RK 
958 |a LX 
992 |a RBX 
999 |c 2591839  |d 2593769